000 00693nam a22002297a 4500
003 UA-OsUOA
001 109418
007 ta
008 20141224b un ||||| |||| 00| 0 ukr d
100 _aКирилекно О.П.
700 _aТулай О.І.
090 _a330(477)
_bК43
942 _cSA
040 _aUA-OsUOA
_bukr
_cUA-OsUOA
_dUA-OsUOA
245 _aДержавні фінанси та людський розвиток: діалектика взаємозв'язку
300 _aС.42-55
955 _a0
041 _aukr
080 _a330(477)
773 0 _w109416
_tФінанси України
_dК.
_d2014
_g10
650 7 _a330 Економіка взагалі
_2UDC
999 _c395290
_d395290